000
00254nmm a2200097Ia 4500
008
220120s9999||||xx |||||||||||||||||und||
082
_a
00 5.133 MAR
100
_a
Marshall, Chris
_9
3373
245
0
_a
Enterprise modeling with UML
260
_b
New Delhi
_c
2002
999
_c
139023
_d
139023